AH International Schools' Libraries

(KHMER) Where did the chicken egg go? / (Record no. 49700)

MARC details
000 -LEADER
fixed length control field 00319nam a2200109 4500
020 ## - INTERNATIONAL STANDARD BOOK NUMBER
International Standard Book Number 9789924350453
100 ## - MAIN ENTRY--PERSONAL NAME
Personal name Yan, Sreylin
9 (RLIN) 86231
245 ## - TITLE STATEMENT
Title (KHMER) Where did the chicken egg go? /
Statement of responsibility, etc Sreylin Yan & Srun Rida
260 ## - PUBLICATION, DISTRIBUTION, ETC. (IMPRINT)
Place of publication, distribution, etc Cambodia
Name of publisher, distributor, etc S.J. Metta Karuna
Date of publication, distribution, etc 2023
300 ## - PHYSICAL DESCRIPTION
Extent 22 p.
Other physical details col. ill.
Dimensions 22 cm.
942 ## - ADDED ENTRY ELEMENTS (KOHA)
Source of classification or shelving scheme
Koha item type Book
Holdings
Withdrawn status Lost status Source of classification or shelving scheme Damaged status Not for loan Collection code Home library Current library Shelving location Date acquired Total Checkouts Full call number Barcode Date last seen Price effective from Koha item type
          Siem Riep Asian Hope Siem Reap Asian Hope Siem Reap SECONDARY 11/10/2025   KHMER E YAN 209420 11/10/2025 11/10/2025 Book

For any Logos Library related questions please contact Miss Art at swongnarasuk@asianhope.org.

For any Asian Hope Library related questions please contact Miss Raza at graza@asianhope.org.

Powered by Koha